Luật ngân sách nhà nước và hệ thống các văn bản hướng dẫn thực hiện
Sách hệ thống các văn bản hướng dẫn thực hiện luật ngân sách nhà nước, nghị định của chính phủ, quy chế xem xét và quyết định dự toán phân bổ ngân sách ...các thông tư hướng dẫn của bộ tài chính....
Zapisane w:
| Format: | Książka |
|---|---|
| Język: | Undetermined |
| Wydane: |
Hà Nội
Tài Chính
2006
|
| Hasła przedmiotowe: | |
| Etykiety: |
Dodaj etykietę
Nie ma etykietki, Dołącz pierwszą etykiete!
|
| Thư viện lưu trữ: | Trung tâm Học liệu Trường Đại học Cần Thơ |
|---|
| LEADER | 00935nam a2200205Ia 4500 | ||
|---|---|---|---|
| 001 | CTU_110397 | ||
| 008 | 210402s9999 xx 000 0 und d | ||
| 020 | |c 90000 | ||
| 082 | |a 343.597034 | ||
| 082 | |b L504 | ||
| 245 | 0 | |a Luật ngân sách nhà nước và hệ thống các văn bản hướng dẫn thực hiện | |
| 260 | |a Hà Nội | ||
| 260 | |b Tài Chính | ||
| 260 | |c 2006 | ||
| 520 | |a Sách hệ thống các văn bản hướng dẫn thực hiện luật ngân sách nhà nước, nghị định của chính phủ, quy chế xem xét và quyết định dự toán phân bổ ngân sách ...các thông tư hướng dẫn của bộ tài chính. | ||
| 650 | |a Budget,Finance, public | ||
| 650 | |x Law and legislation,States,States | ||
| 650 | |z Vietnam | ||
| 904 | |i M.Loan | ||
| 980 | |a Trung tâm Học liệu Trường Đại học Cần Thơ | ||